| 000 | 00526nam a22002177a 4500 | ||
|---|---|---|---|
| 003 | Nust | ||
| 005 | 20211216105408.0 | ||
| 008 | 170118b xxu||||| |||| 00| 0 eng d | ||
| 020 | _a9788189757564 | ||
| 038 | _aKhadija | ||
| 040 | _cc | ||
| 082 |
_a671 _bNAR |
||
| 100 |
_aNarula, Virender _986726 |
||
| 245 |
_aManufacturing Processes / _cVirender Narula |
||
| 250 | _a2nd ed. | ||
| 260 |
_aNew Delhi : _bS.K Kataria, _c2009. |
||
| 300 |
_a372 p. ; _c24 cm. |
||
| 500 | _apaperback. | ||
| 563 | _aPB | ||
| 942 |
_cBK _2ddc |
||
| 999 |
_c32095 _d32095 |
||